Statistics for Largest World Capitals

Click here to take the quiz!

General Stats

  • This quiz has been taken 58,624 times
    (17,411 since last reset)
  • The average score is 15 of 20

Answer Stats

Population Capital % Correct
40.2 milTokyo
96%
14.7 milLondon
96%
11.4 milParis
94%
20.4 milBeijing
94%
17.2 milMoscow
92%
22.8 milMexico City
89%
8.55 milWashington D.C.
85%
20.5 milCairo
82%
30.6 milJakarta
80%
16.3 milBuenos Aires
75%
24.7 milSeoul
74%
18.3 milBangkok
71%
25.2 milManila
69%
15.0 milTehran
63%
9.80 milBogota
60%
9.90 milLima
56%
19.5 milDhaka
56%
8.70 milKuala Lumpur
55%
12.0 milKinshasa
47%
9.10 milTaipei
44%

Score Distribution

Percentile by Number Answered

Percent of People with Each Score

Your Score History

You have not taken this quiz since the last reset